00386 a2200109 4500001001000000005001700010008004100027245007200068100001900140773010000159999001700259ART_1714620260410161852.0260409a 10aParticularidades del contrato de trabajo del futbolista profesional1 aArese, César0 tDerecho del trabajogEstatutos profesionales (parte I ) - Año II, Nº 4 (mar. 2013)wREV10447 c25116d25116